| 000 | 00560nam a2200193 i 4500 | ||
|---|---|---|---|
| 001 | 139975 | ||
| 003 | ES-MaACL | ||
| 005 | 20230906195948.0 | ||
| 007 | t| | ||
| 008 | 070214s1915 gw r ||||1| spa d | ||
| 100 | 1 |
_aSchmidt, Robert. _9104491 |
|
| 245 | 1 | 3 |
_aLa protección al obrero en Alemania / _cRobert Schmidt. |
| 260 |
_aBerlin : _bRevista mensual socialista, _c1915. |
||
| 300 |
_a54 p. ; _c22 cm. |
||
| 650 | 4 |
_aTrabajadores- _zAlemania. _9141178 |
|
| 852 |
_aES-MaACL _j1493-F-6 |
||
| 852 |
_aES-MaACL _jT-1471-F-1 |
||
| 852 |
_aES-MaACL _j1544-F-3 |
||
| 999 |
_c139975 _d139975 |
||